Investigación operativa: problemas y ejercicios resueltos

Bewaard in:
Bibliografische gegevens
Hoofdauteurs: Martín Martín, Quintín (autor), Santos Martín, María Teresa (Auteur), Paz Santana, Yanira del Rosario de (Auteur)
Formaat: Boek
Taal:Spaans
Gepubliceerd in: Madrid Pearson Educación 2005
Editie:1a. ed
Onderwerpen:
Tags: Voeg label toe
Geen labels, Wees de eerste die dit record labelt!

MARC

LEADER 00000nam a2200000 a 4500
001 UCK6333
003 CL-VaPUC
008 050930e20050000SP |||||||||||||||||spa|d
020 |a 8420544663 
082 0 4 |a 658.403  |b MAR  |2 21 
100 |a Martín Martín, Quintín  |e autor  |9 495497 
700 0 |a Santos Martín, María Teresa  |e author  |9 495498 
700 0 |a Paz Santana, Yanira del Rosario de  |e author  |9 495499 
245 1 0 |a Investigación operativa: problemas y ejercicios resueltos 
250 |a 1a. ed 
300 |a 407 p 
942 |c BK 
945 |d 20050930 00:00:00  |a cmena 
260 |a Madrid  |b Pearson Educación  |c 2005 
650 0 |a Investigación operativa  |9 259383 
650 0 |a Teoría de juegos  |9 263826 
650 7 |a MODELOS DE PROGRAMACION  |2 CL-VaPUC  |9 466083 
650 0 |a Modelos lineales  |9 270494 
650 0 |a Programación no lineal   |9 259385 
650 7 |a FLUJO DE REDES  |2 CL-VaPUC  |9 428832 
650 0 |a Programación dinámica   |9 324757 
583 |a last modification  |c 20050930 00:00:00  |k Rodrigo Vera 
999 |c 314629  |d 314627 
952 |0 0  |1 0  |4 0  |6 658_403000000000000_MAR_2005  |7 0  |8 R  |9 387183  |a BIBGIM  |b BIBGIM  |d 2019-11-22  |i 416850K  |o 658.403 MAR 2005  |p 416850K  |r 2025-01-15  |w 2019-11-22  |y BK_R  |k EST 
952 |0 0  |1 0  |4 0  |6 658_403000000000000_MAR_2005  |7 0  |8 R  |9 387184  |a BIBGIM  |b BIBGIM  |d 2019-11-22  |i 4168518  |o 658.403 MAR 2005  |p 4168518  |r 2025-01-15  |w 2019-11-22  |y BK_R  |k EST 
952 |0 0  |1 0  |4 0  |6 658_403000000000000_MAR_2005  |7 0  |8 R  |9 387185  |a BIBGIM  |b BIBGIM  |d 2019-11-22  |i 4168526  |o 658.403 MAR 2005  |p 4168526  |r 2025-01-15  |w 2019-11-22  |y BK_R  |k EST 
952 |0 0  |1 0  |4 0  |6 658_403000000000000_MAR_2005  |7 0  |8 R  |9 387186  |a BIBGIM  |b BIBGIM  |d 2019-11-22  |i 4229770  |o 658.403 MAR 2005  |p 4229770  |r 2025-01-15  |w 2019-11-22  |y BK_R  |k EST 
952 |0 0  |1 0  |4 0  |6 658_403000000000000_MAR_2005  |7 0  |8 R  |9 387187  |a BIBGIM  |b BIBGIM  |d 2019-11-22  |i 4229789  |o 658.403 MAR 2005  |p 4229789  |r 2025-01-15  |w 2019-11-22  |y BK_R  |k EST 
952 |0 0  |1 0  |4 0  |6 658_403000000000000_MAR_2005  |7 0  |8 R  |9 387188  |a BIBGIM  |b BIBGIM  |d 2019-11-22  |i 4230922  |o 658.403 MAR 2005  |p 4230922  |r 2025-01-15  |w 2019-11-22  |y BK_R  |k EST 
952 |0 0  |1 0  |4 0  |6 658_403000000000000_MAR_2005  |7 0  |8 R  |9 387189  |a BIBGIM  |b BIBGIM  |d 2019-11-22  |i 4230914  |o 658.403 MAR 2005  |p 4230914  |r 2025-01-15  |w 2019-11-22  |y BK_R  |k EST 
952 |0 0  |1 0  |2 ddc  |4 0  |6 658_403000000000000_MAR_2005  |7 0  |8 A  |9 387190  |a BIBING  |b BIBING  |c RES  |d 2019-11-22  |i 4433572  |o 658.403 MAR 2005  |p 4433572  |r 2025-01-20  |w 2019-11-22  |y BK  |k CIC